000 00586nam a2200229Ia 4500
003 OSt
005 20220923230805.0
006 a|||||r|||| 00| 0
007 ta
008 Pun
024 _a305,556
037 _cTextual
040 _aARTS
_cARTS
_bPun
041 _2Pun
_aPun
082 _aQ8441xK21w, 153L6
100 _aਬਲਬੀਰ ਸਿੰਘ
245 0 _aਗੁਰੂ ਤੇਫ਼ ਬਹਾਦਰ ਜੀ
260 _c1976
650 _aਧਰਮ
942 _hQ8441xK21w, 153L6
_cTEXL
_2CC
999 _c387348
_d387348